000 00330 a2200157 4500
001 158534
020 _a
040 _cMagnum
100 _aTescarolo, Floriano
240 1 0 _aJornal da idade da pedra
_lpor
245 1 0 _aJornal da idade da pedra
362 0 _a1899
440 1 _aDimensão
697 _aCOLECAO
942 _cBK
999 _c158534
_d158534